Alexandre Puskin Tuyển tập văn xuôi

שמור ב:
מידע ביבליוגרפי
מחבר ראשי: Alexandre Puskin
פורמט: ספר
שפה:Undetermined
יצא לאור: Hà Nội Văn học 1985
נושאים:
תגים: הוספת תג
אין תגיות, היה/י הראשונ/ה לתייג את הרשומה!
Thư viện lưu trữ: Trung tâm Học liệu Trường Đại học Cần Thơ
LEADER 00542nam a2200181Ia 4500
001 CTU_46846
008 210402s9999 xx 000 0 und d
082 |a 891.73 
082 |b P987/1985 
100 |a Alexandre Puskin 
245 0 |a Alexandre Puskin 
245 0 |b Tuyển tập văn xuôi 
245 0 |c Alexandre Puskin, Hoàng Tôn, Nguyễn Duy Bình 
260 |a Hà Nội 
260 |b Văn học 
260 |c 1985 
650 |a russian fiction - 18th century 
980 |a Trung tâm Học liệu Trường Đại học Cần Thơ